000 00451nam a2200181Ia 4500
008 100917s9999 xx 000 0 und d
082 _b751
100 _aगोगटे शिवराम विनायक
245 _aवीरसेन
260 _b---
_c1894
300 _a145
365 _b0.75
520 _aनाटक
630 _aवीरसेन
650 _aनाटक
730 _aवीरसेन
942 _cBOOK
999 _c606145
_d606142